Statistics for Countries that Ban Foie Gras Production

Click here to take the quiz!

General Stats

  • This quiz has been taken 47 times
  • The average score is 15 of 18

Answer Stats

Country% Correct
United Kingdom
95%
Germany
93%
Norway
93%
Sweden
93%
Denmark
90%
Finland
88%
Italy
88%
Australia
86%
Netherlands
86%
Austria
83%
Poland
83%
Switzerland
83%
Ireland
81%
Czechia
74%
Israel
62%
Turkey
60%
India
57%
Argentina
55%

Score Distribution

Percentile by Number Answered

Percent of People with Each Score

Your Score History

You have not taken this quiz